ਪੰਜਾਬੀ ਸਿਨੇਮਾ ਦੇ ਮੁਹਾਂਦਰਾ / Punjabi cinema da Muhandra (Record no. 1464605)

MARC details
000 -LEADER
fixed length control field 00830 a2200217 4500
003 - CONTROL NUMBER IDENTIFIER
control field OSt
005 - DATE AND TIME OF LATEST TRANSACTION
control field 20251113142730.0
008 - FIXED-LENGTH DATA ELEMENTS--GENERAL INFORMATION
fixed length control field 251113b |||||||| |||| 00| 0 eng d
020 ## - INTERNATIONAL STANDARD BOOK NUMBER
International Standard Book Number 9789369613670 (hbk)
037 ## - SOURCE OF ACQUISITION
Terms of availability TB
040 ## - CATALOGING SOURCE
Original cataloging agency CRL
Transcribing agency CRL
041 ## - LANGUAGE CODE
Source of code pun
Language code of text/sound track or separate title pun
084 ## - COLON CLASSIFICATION NUMBER
Classification number NW4443 153R5
Assigning agency CL1924060
100 ## - MAIN ENTRY--PERSONAL NAME
Personal name ਕੌਰ, ਕਿਰਨਦੀਪ / Kaur, Kirandeep
9 (RLIN) 847628
245 ## - TITLE STATEMENT
Title ਪੰਜਾਬੀ ਸਿਨੇਮਾ ਦੇ ਮੁਹਾਂਦਰਾ / Punjabi cinema da Muhandra
260 ## - PUBLICATION, DISTRIBUTION, ETC.
Place of publication, distribution, etc. Delhi, India:
Name of publisher, distributor, etc. ਸ਼ਿਲਾਲੇਖ / Shilalekh Publishers;
Date of publication, distribution, etc. 2025.
650 ## - SUBJECT ADDED ENTRY--TOPICAL TERM
Source of heading or term cinema
650 ## - SUBJECT ADDED ENTRY--TOPICAL TERM
Source of heading or term punjabi cinema
942 ## - ADDED ENTRY ELEMENTS (KOHA)
Koha item type Textbook
Source of classification or shelving scheme Colon Classification (CC)
Suppress in OPAC No
Classification part NW4443 153R5
Holdings
Withdrawn status Lost status Source of classification or shelving scheme Damaged status Not for loan Home library Current library Date acquired Source of acquisition Cost, normal purchase price Inventory number Total Checkouts Full call number Barcode Date last seen Cost, replacement price Price effective from Koha item type
    Colon Classification (CC)     Central Library Central Library 2025-10-21 33/H.K. Prakashan 240.00 1858/ 2025-10-11   NW4443 153R5 CL1924060 2025-10-21 300.00 2025-10-21 Textbook
Copyright @ Delhi University Library System